Flaggen Asiens Quiz - Statistiken

Allgemein
  • Dieses Quiz wurde 60.243 mal gespielt
  • Das Durchschnittsergebnis liegt bei 36 aus 48
Antwortstatistiken
Bildquiz Antwort % Korrekt
China
99%
Israel
97%
Japan
97%
Südkorea
96%
Indien
95%
Türkei
95%
Zypern
93%
Vietnam
91%
Saudi-Arabien
89%
Nepal
88%
Libanon
86%
Georgien
85%
Iran
85%
Nordkorea
83%
Pakistan
83%
Bangladesch
81%
Kasachstan
81%
Indonesien
80%
Irak
80%
Katar
80%
Thailand
80%
Bhutan
78%
Malaysia
76%
Singapur
75%
Sri Lanka
75%
Armenien
73%
Syrien
73%
Philippinen
72%
Aserbaidschan
71%
Kambodscha
71%
Laos
69%
Mongolei
65%
Usbekistan
65%
Vereinigte Arabische Emirate
65%
Jemen
64%
Kirgisistan
64%
Taiwan
64%
Afghanistan
63%
Myanmar
63%
Turkmenistan
63%
Bahrain
62%
Jordanien
56%
Kuwait
55%
Malediven
55%
Brunei
54%
Oman
53%
Osttimor
51%
Tadschikistan
49%
Keine übereinstimmenden Quizze gefunden
Verteilung der Resultate
Anzahl Personen mit jedem Resultat
Perzentil nach korrekt beantworteten Fragen
Ihre Resultats-Entwicklung
Sie haben dieses Quiz noch nicht gespielt